Carregant...

Rajsooya Yajna :krishna ki atmakatha (v.6)

Dades bibliogràfiques
Autor principal: Manu Sharma
Format: Printed Book
Publicat: New Delhi Prabhat 1999
Matèries:
LEADER 00643nam a22002051a 4500
020 |a 9788173152702  |c 0.00 
040 |a SSUS - Library - Kalady 
082 |a H3  |b MAN/R 
100 |a Manu Sharma 
245 |a Rajsooya Yajna :krishna ki atmakatha (v.6)  |h [Text] 
260 |a New Delhi  |b Prabhat  |c 1999 
300 |a 310p. 
500 |a Manu Sharma 
600 |a Novel Hindi 
600 |a Literature Hindi 
600 |a Krishna Biography 
852 |k Reference  |h H3  |i MAN/R  |p 017757  |9 0.00  |t 0 
942 |c REF 
999 |c 37144  |d 37144 
952 |0 0  |1 0  |4 0  |6 R_H3_MAN_R  |7 0  |9 53732  |a SSUS  |b SSUS  |d 2015-01-08  |g 0.00  |o R H3 MAN/R  |p 017757  |r 2015-01-08  |v 0.00  |w 2015-01-08  |y REF